Catálogo

La cultura en el mundo de la modernidad líquida / (Registro nro. 63774)

Detalles MARC
000 -LEADER
fixed length control field 01290cam a2200361 i 4500
001 - CONTROL NUMBER
control field 63774
003 - CONTROL NUMBER IDENTIFIER
control field Mx-PuUPA
005 - DATE AND TIME OF LATEST TRANSACTION
control field 20240812091030.0
008 - FIXED-LENGTH DATA ELEMENTS--GENERAL INFORMATION
fixed length control field 151209s2013 mx gr 000 0 spa d
020 ## - INTERNATIONAL STANDARD BOOK NUMBER
International Standard Book Number 9786071615077
040 ## - CATALOGING SOURCE
Original cataloging agency MX-PuUPA
Language of cataloging spa
Description conventions rda
Transcribing agency Mx-PuUPA
Modifying agency Mx-PuUPA
041 1# - LANGUAGE CODE
Language code of text/sound track or separate title spa
Language code of original eng
100 1# - MAIN ENTRY--PERSONAL NAME
Personal name Bauman, Zygmunt,
Dates associated with a name 1925-2017
Relator term autor
9 (RLIN) 6292
240 10 - UNIFORM TITLE
Uniform title Culture in a liquid modern world.
Language of a work Español
245 13 - TITLE STATEMENT
Title La cultura en el mundo de la modernidad líquida /
Statement of responsibility, etc. Zygmunt Bauman ; traducción, Lilia Mosconi
250 ## - EDITION STATEMENT
Edition statement Primera edición
264 #1 - PRODUCTION, PUBLICATION, DISTRIBUTION, MANUFACTURE, AND COPYRIGHT NOTICE
Place of production, publication, distribution, manufacture Ciudad de México :
Name of producer, publisher, distributor, manufacturer Fondo de Cultura Económica,
Date of production, publication, distribution, manufacture, or copyright notice 2013
300 ## - PHYSICAL DESCRIPTION
Extent 101 páginas ;
Dimensions 21 cm
336 ## - CONTENT TYPE
Content type term texto
Fuente rdacontent
Content type code txt
337 ## - MEDIA TYPE
Media type term sin medio
Source rdamedia
Media type code n
338 ## - CARRIER TYPE
Carrier type term volumen
Source rdacarrier
Carrier type code nc
490 0# - SERIES STATEMENT
Series statement Colección Sociología
650 #7 - SUBJECT ADDED ENTRY--TOPICAL TERM
Topical term or geographic name entry element Cultura
General subdivision Crítica e interpretación
Source of heading or term armarc
650 #7 - SUBJECT ADDED ENTRY--TOPICAL TERM
Topical term or geographic name entry element Cultura
General subdivision Globalización
Source of heading or term armarc
650 #7 - SUBJECT ADDED ENTRY--TOPICAL TERM
Topical term or geographic name entry element Cultura
Geographic subdivision Europa
Source of heading or term armarc
650 #7 - SUBJECT ADDED ENTRY--TOPICAL TERM
Topical term or geographic name entry element Sociología
Source of heading or term armarc
700 1# - ADDED ENTRY--PERSONAL NAME
Personal name Mosconi, Lilia,
Relator term traductor
765 0# - ORIGINAL LANGUAGE ENTRY
Main entry heading Bauman, Zygmunt, 1925-2017
Title Culture in a líquid modern world.
Place, publisher, and date of publication Cambridge : Polity Press, 2011
942 ## - ADDED ENTRY ELEMENTS (KOHA)
Source of classification or shelving scheme Dewey Decimal Classification
Koha item type Libro
Classification part 306.1
Item part B337
Existencias
Withdrawn status Lost status Source of classification or shelving scheme Damaged status Not for loan Collection code Home library Current library Shelving location Date acquired Source of acquisition Total Checkouts Full call number Barcode Date last seen Date last checked out Copy number Price effective from Koha item type
    Dewey Decimal Classification   Consulta en sala Magisterial Biblioteca Karol Wojtyla Biblioteca Karol Wojtyla Sala general 03/12/2013 Compra 1 306.1 B337 2013 61419 05/01/2026 22/07/2022 Ej.2 03/12/2013 Magisterial
    Dewey Decimal Classification   Consulta en sala Magisterial Biblioteca Karol Wojtyla Biblioteca Karol Wojtyla Sala general 09/12/2015 Compra 4 306.1 B337 2013 94907 05/01/2026 25/01/2020   06/12/2017 Magisterial